[Event "Chigorin Memorial 2019"]
[Site "St Petersburg RUS"]
[Date "2019.10.09"]
[Round "5.82"]
[White "Strybuk, Artsiom I"]
[Black "Makhno, Maria"]
[Result "1-0"]
[WhiteTitle "FM"]
[WhiteElo "2179"]
[BlackElo "1960"]
[WhiteFideId "13515659"]
[BlackFideId "24173479"]
[EventDate "2019.10.05"]

1. d4 Nf6 2. c4 g6 3. Nf3 Bg7 4. g3 O-O 5. Bg2 d6 6. O-O Nc6 7. d5 Na5 8. Nfd2
c6 9. Nc3 cxd5 10. cxd5 Bd7 11. b4 Rc8 12. bxa5 Rxc3 13. Bb2 Rc5 14. Nb3 Ba4 15.
Qd2 Rb5 16. Bd4 Bxb3 17. axb3 Rxb3 18. Bxa7 Nd7 19. Ra2 Qa8 20. Be3 Rc8 21. Bh3
f5 22. Bg5 Nf6 23. Bxf6 Bxf6 24. e4 Qa6 25. exf5 g5 26. Re1 Kf8 27. Bf1 Qa7 28.
Qd1 Rcc3 29. Qh5 Kg7 30. Qe8 Rc7 31. Be2 Qc5 32. Bh5 Qxd5 33. Rae2 Be5 34. Qd8
Qc5 35. Be8 Rc3 36. Bd7 Rxd7 37. Qxd7 Qc7 38. Qxc7 Rxc7 39. Rb1 h5 40. h3 Kf6
41. g4 h4 42. Kg2 Rc5 43. Ra2 Bc3 44. Rxb7 Bxa5 45. Re2 Re5 46. Rxe5 dxe5 47.
Kf3 Be1 48. Rb6+ 1-0

[Event "Chigorin Memorial 2019"]
[Site "St Petersburg RUS"]
[Date "2019.10.09"]
[Round "5.83"]
[White "Pestryakov, Nikita"]
[Black "Zhukov, Anton"]
[Result "0-1"]
[WhiteElo "1978"]
[BlackElo "2178"]
[WhiteFideId "44130546"]
[BlackFideId "34187534"]
[EventDate "2019.10.05"]

1. e4 c6 2. d4 d5 3. exd5 cxd5 4. c4 Nf6 5. Nc3 g6 6. cxd5 Bg7 7. Qb3 O-O 8.
Nge2 a5 9. a3 Na6 10. g3 b5 11. Bg2 b4 12. axb4 axb4 13. Na4 Bb7 14. O-O Bxd5
15. Bxd5 Nxd5 16. Be3 e6 17. Rfd1 h5 18. Nf4 Nac7 19. Nxd5 Nxd5 20. Nc5 Rxa1 21.
Rxa1 h4 22. Ne4 Qb6 23. Nc5 hxg3 24. hxg3 Rd8 25. Ra6 Qb5 26. Ra7 Nxe3 27. fxe3
Qb8 28. Rb7 Qxg3+ 29. Kf1 Qf3+ 30. Ke1 Bh6 31. Nxe6 Bxe3 0-1

[Event "Chigorin Memorial 2019"]
[Site "St Petersburg RUS"]
[Date "2019.10.09"]
[Round "5.84"]
[White "Aga, Rihard"]
[Black "Perov, German"]
[Result "0-1"]
[WhiteElo "1960"]
[BlackElo "2177"]
[WhiteFideId "4505603"]
[BlackFideId "44111410"]
[EventDate "2019.10.05"]

1. d4 Nf6 2. c4 e6 3. Nc3 Bb4 4. Nf3 d5 5. cxd5 exd5 6. Bg5 Qd6 7. Bxf6 Qxf6 8.
e3 O-O 9. Be2 c6 10. O-O Bd6 11. e4 dxe4 12. Nxe4 Qf4 13. Nxd6 Qxd6 14. Qb3 Nd7
15. Rad1 Nf6 16. Ne5 Qc7 17. f4 Be6 18. Qg3 Rad8 19. f5 Bxa2 20. Qa3 Bd5 21.
Qxa7 Rfe8 22. Bd3 Be4 23. Bc4 Ra8 24. Qc5 Re7 25. Ra1 Rae8 26. Bb3 b6 27. Qc3 c5
28. Rac1 Qd6 29. Nxf7 Rxf7 30. Bxf7+ Kxf7 31. dxc5 bxc5 32. Qxc5 Qd2 33. Rf2 Qg5
34. Ra1 Kg8 35. Re1 Kh8 36. Qc3 h5 37. Qg3 Qxg3 38. hxg3 Rb8 39. Rf4 Rb4 40. Re2
Kh7 41. Kf2 Kh6 42. b3 Kg5 43. Kg1 Rd4 44. Kf2 h4 45. Rxh4 Kxf5 46. Rb2 Rb4 47.
Rh8 Bd5 48. Rc8 Ne4+ 49. Ke3 Nxg3 50. Rc7 g5 51. Rc5 Ke6 52. Kd3 Ne4 53. Ra5 Ke5
54. Ra7 Nc5+ 55. Ke3 Nxb3 56. Kf2 Rg4 57. Kg1 Nd4 58. Re7+ Ne6 59. Kh2 Re4 60.
Rf2 Kd6 61. Re8 Rh4+ 62. Kg1 Nf4 63. Re3 Rg4 64. Kh2 Bxg2 65. Rd2+ Bd5 66. Rg3
Rh4+ 67. Kg1 g4 68. Rh2 Nh3+ 69. Kf1 Bf3 70. Ra2 Ng5 71. Ra6+ Ke5 72. Rg1 Ne4
73. Ra2 Kf4 74. Ra4 Rh2 75. Rd4 Rc2 0-1

[Event "Chigorin Memorial 2019"]
[Site "St Petersburg RUS"]
[Date "2019.10.09"]
[Round "5.85"]
[White "Vasiliev, Georgiy"]
[Black "Tskhadadze, Anna"]
[Result "1-0"]
[WhiteElo "2172"]
[BlackElo "1941"]
[WhiteFideId "34126535"]
[BlackFideId "4165098"]
[EventDate "2019.10.05"]

1. c4 e6 2. d4 d5 3. Nc3 Nf6 4. cxd5 exd5 5. Bg5 Be7 6. e3 O-O 7. Bd3 Nbd7 8.
Qc2 c6 9. Nf3 Re8 10. h3 Nf8 11. Rb1 a5 12. O-O Ng6 13. Ne5 Nd7 14. Bxe7 Qxe7
15. Nxg6 hxg6 16. a3 Nf6 17. Na4 Rb8 18. Rfc1 Ne4 19. Bxe4 dxe4 20. Nb6 Bf5 21.
Qc5 Qf6 22. Qxa5 g5 23. Rc5 g6 24. Rxf5 gxf5 25. Nd7 Qe6 26. Nxb8 Rxb8 27. Qc7
Rc8 28. Qxb7 f4 29. Rc1 fxe3 30. fxe3 Qe8 31. Rc5 f6 32. d5 Qf8 33. Rxc6 Rb8 34.
Qd7 1-0

[Event "Chigorin Memorial 2019"]
[Site "St Petersburg RUS"]
[Date "2019.10.09"]
[Round "5.86"]
[White "Yurasova, Daria"]
[Black "Stepanyan, Eva"]
[Result "0-1"]
[BlackTitle "WFM"]
[WhiteElo "2168"]
[BlackElo "1922"]
[WhiteFideId "34146919"]
[BlackFideId "34165980"]
[EventDate "2019.10.05"]

1. d4 Nf6 2. c4 e6 3. g3 d5 4. Nf3 Bb4+ 5. Bd2 Bd6 6. Nc3 O-O 7. Qc2 c6 8. e4
dxe4 9. Nxe4 Nxe4 10. Qxe4 Nd7 11. Bd3 Nf6 12. Qh4 Be7 13. O-O-O b5 14. c5 Qd5
15. Bg5 h6 16. Bxf6 Bxf6 17. Qe4 g6 18. Ne5 Bxe5 19. Qxe5 Qxa2 20. Be4 Qa1+ 21.
Kc2 Qa4+ 22. Kb1 b4 23. h4 f5 24. Bd3 b3 25. h5 g5 26. Qd6 a5 27. f4 Qa2+ 28.
Kc1 Qa1+ 29. Bb1 a4 30. Rh2 a3 31. bxa3 Qc3+ 32. Bc2 b2+ 33. Kb1 Rxa3 0-1

[Event "Chigorin Memorial 2019"]
[Site "St Petersburg RUS"]
[Date "2019.10.09"]
[Round "5.87"]
[White "Sinitsina, Anastassia"]
[Black "Rubtsov, Aleksandr"]
[Result "1-0"]
[WhiteTitle "WFM"]
[WhiteElo "2163"]
[BlackElo "1883"]
[WhiteFideId "4504640"]
[BlackFideId "34179272"]
[EventDate "2019.10.05"]

1. Nf3 d5 2. g3 c5 3. Bg2 Nf6 4. O-O e6 5. b3 Nc6 6. Bb2 Be7 7. c4 d4 8. e3 O-O
9. exd4 cxd4 10. d3 Ne8 11. a3 a5 12. Re1 f6 13. Nbd2 Nc7 14. Qc2 e5 15. Rac1
Na6 16. h3 Be6 17. Kh2 Qb6 18. Rb1 Rac8 19. Bc1 Bb4 20. axb4 Ncxb4 21. Qd1 Nxd3
22. Rf1 Nac5 23. Ba3 Bf5 24. Nh4 Be6 25. Ne4 g5 26. Nxc5 Nxc5 27. Nf3 Bf5 28.
Rb2 Rcd8 29. Nd2 Nd3 30. Rb1 Rfe8 31. Ne4 Nb4 32. Qf3 Qe6 33. g4 Bxe4 34. Qxe4
d3 35. Bxb4 axb4 36. Qxb7 e4 37. Qxb4 Qe5+ 38. Kh1 Qf4 39. Rbd1 d2 40. Qc5 Rd3
41. b4 Ra8 42. Qf5 Rd4 43. c5 Rb8 44. c6 Rbxb4 45. Qe6+ Kf8 46. c7 Qxc7 47.
Qxf6+ Qf7 48. Qxg5 Qd7 49. Qc5+ Qe7 50. Qc3 Rd3 51. Qh8+ 1-0

[Event "Chigorin Memorial 2019"]
[Site "St Petersburg RUS"]
[Date "2019.10.09"]
[Round "5.88"]
[White "Sapegin, Yaroslav"]
[Black "Ismagilov, Damir"]
[Result "1-0"]
[WhiteElo "1967"]
[BlackElo "2156"]
[WhiteFideId "44168322"]
[BlackFideId "34199982"]
[EventDate "2019.10.05"]

1. d4 e6 2. c4 d5 3. Nf3 c6 4. Qc2 dxc4 5. Qxc4 Nf6 6. g3 b5 7. Qd3 Bb7 8. Bg2
Nbd7 9. O-O Qb6 10. a4 b4 11. Rd1 a5 12. Nbd2 c5 13. Nc4 Qa6 14. Nfe5 Bd5 15.
Nxd7 Nxd7 16. Bxd5 exd5 17. Qe3+ Qe6 18. Qf3 Rd8 19. Nxa5 cxd4 20. Nb3 Ne5 21.
Qg2 d3 22. exd3 d4 23. Bf4 f6 24. Bxe5 fxe5 25. Nd2 Be7 26. Nc4 O-O 27. Re1 Bf6
28. b3 h5 29. Qe4 h4 30. a5 hxg3 31. fxg3 Bg5 32. Qxe5 Qf7 33. Rf1 Qg6 34. Qe4
Qh6 35. Rxf8+ Rxf8 36. a6 Be3+ 37. Nxe3 dxe3 38. a7 1-0

[Event "Chigorin Memorial 2019"]
[Site "St Petersburg RUS"]
[Date "2019.10.09"]
[Round "5.89"]
[White "Afanasieva, Alexandra"]
[Black "Galchenko, Vadim"]
[Result "1/2-1/2"]
[WhiteTitle "WFM"]
[WhiteElo "1957"]
[BlackElo "2139"]
[WhiteFideId "34126926"]
[BlackFideId "24177334"]
[EventDate "2019.10.05"]

1. e4 e6 2. Nc3 d5 3. Nf3 d4 4. Ne2 c5 5. Ng3 a6 6. a4 Nc6 7. Bc4 Bd6 8. d3 Nf6
9. O-O O-O 10. Ne1 Rb8 11. f4 e5 12. Nh5 exf4 13. Bxf4 Ng4 14. Qd2 Nce5 15. Nf3
Nxc4 16. dxc4 Qc7 17. Bxd6 Qxd6 18. Qg5 g6 19. e5 h6 20. Qf4 Qe7 21. h3 gxh5 22.
hxg4 Bxg4 23. Qxh6 Qe6 24. Qf4 Rbe8 25. Rae1 Qg6 26. Nh4 Qg7 27. Nf5 Bxf5 28.
Qxf5 Re6 29. Qxh5 Rg6 30. Qf3 b6 31. Re2 Re8 32. Qb7 a5 33. Ref2 Rf8 34. Rf6 Qh6
35. Qf3 Rxf6 36. exf6 Re8 37. Qg3+ Kf8 38. Rf4 Re6 39. Qf2 Qg5 40. c3 d3 41. Kh2
Re2 42. Qf3 Qh6+ 43. Kg3 Qg5+ 1/2-1/2

[Event "Chigorin Memorial 2019"]
[Site "St Petersburg RUS"]
[Date "2019.10.09"]
[Round "5.90"]
[White "Usmanov, Ilnur"]
[Black "Filimonov, Mikhail A."]
[Result "0-1"]
[WhiteElo "2144"]
[BlackElo "1915"]
[WhiteFideId "4111303"]
[BlackFideId "24205354"]
[EventDate "2019.10.05"]

1. d4 d5 2. Nf3 Nf6 3. Bf4 e6 4. e3 Be7 5. Ne5 O-O 6. Bd3 c5 7. c3 Bd7 8. Nd2
Bc6 9. g4 Nbd7 10. Nxc6 bxc6 11. h4 cxd4 12. exd4 c5 13. g5 Ne8 14. Qh5 g6 15.
Qh6 f5 16. h5 gxh5 17. Rxh5 Rf7 18. g6 Rg7 19. gxh7+ Kh8 20. Qxe6 cxd4 21. cxd4
Bb4 22. Rxf5 Re7 23. Be5+ Ng7 24. Bxg7+ Rxg7 25. Qxd5 Qe8+ 26. Kd1 Rg1+ 27. Bf1
Rc8 28. Qb5 Qe6 29. Rg5 a6 30. d5 Qe7 31. Qxa6 Rxf1+ 32. Qxf1 Qxg5 33. Qd3 Ne5
34. Qe3 Qh5+ 35. f3 Qh1+ 36. Ke2 Qh2+ 37. Kd1 Nxf3 38. Rc1 Rxc1+ 0-1

[Event "Chigorin Memorial 2019"]
[Site "St Petersburg RUS"]
[Date "2019.10.09"]
[Round "5.91"]
[White "Alekseev, Mikhail"]
[Black "Kumargaliev, Marsel"]
[Result "1-0"]
[WhiteElo "1940"]
[BlackElo "2144"]
[WhiteFideId "34171069"]
[BlackFideId "34111023"]
[EventDate "2019.10.05"]

1. e4 c5 2. c3 d5 3. exd5 Qxd5 4. d4 Nf6 5. Nf3 Bg4 6. Be2 e6 7. O-O Nc6 8. Be3
cxd4 9. Nxd4 Bxe2 10. Qxe2 Be7 11. Nb5 Qe5 12. Nd4 Nxd4 13. cxd4 Qf5 14. Nc3 O-O
15. Qb5 Qxb5 16. Nxb5 a6 17. Nc3 Rfd8 18. Rfd1 Rd7 19. Na4 Nd5 20. Rac1 Bf6 21.
Nc5 Rc7 22. Ne4 Kf8 23. Rxc7 Nxc7 24. Nc5 b5 25. a4 Nd5 26. Ra1 b4 27. a5 Ke8
28. g3 Be7 29. Na4 Kd7 30. Nb6+ Nxb6 31. axb6 Kc6 32. d5+ Kb7 33. dxe6 fxe6 34.
Re1 Re8 35. b3 Bd8 36. Rd1 Bxb6 37. Rd7+ Kc6 38. Rxg7 Bxe3 39. fxe3 Rd8 40. Re7
a5 41. Rxe6+ Rd6 42. Re8 Rd3 43. Re6+ Kd5 44. Ra6 Rd1+ 45. Kg2 Ra1 46. Rh6 Ke4
47. Rxh7 Ra2+ 48. Kh3 Kd3 49. g4 Kc3 50. g5 Re2 51. Ra7 Rxe3+ 52. Kg4 Re5 53.
Kf4 Rb5 54. g6 Kxb3 55. g7 Rb8 56. Rxa5 Kc2 57. Rb5 Rg8 58. Rb7 b3 59. Kf5 b2
60. Kg6 Ra8 61. h4 b1=Q 62. Rxb1 Kxb1 63. h5 Kc2 64. h6 1-0

[Event "Chigorin Memorial 2019"]
[Site "St Petersburg RUS"]
[Date "2019.10.09"]
[Round "5.92"]
[White "Usacheva, Glafira"]
[Black "Efimov, Ignat"]
[Result "1-0"]
[WhiteElo "1905"]
[BlackElo "2138"]
[WhiteFideId "34119741"]
[BlackFideId "24280810"]
[EventDate "2019.10.05"]

1. d4 Nf6 2. c4 e6 3. Nf3 b6 4. g3 Bb7 5. Bg2 Be7 6. O-O O-O 7. d5 exd5 8. Nh4
c6 9. cxd5 Nxd5 10. Nf5 Nc7 11. Bf4 d5 12. e4 Ne6 13. Qg4 g6 14. Bh6 Re8 15.
exd5 cxd5 16. Nc3 Nd7 17. Nxe7+ Rxe7 18. Qh4 Ne5 19. f4 d4 20. Ne4 Nd7 21. f5
gxf5 22. Rxf5 Ndf8 23. Nf6+ Kh8 24. Bxf8 Nxf8 25. Rh5 Kg7 26. Qg5+ Ng6 27. Rxh7+
Kf8 28. Qh6# 1-0

[Event "Chigorin Memorial 2019"]
[Site "St Petersburg RUS"]
[Date "2019.10.09"]
[Round "5.93"]
[White "Michelle Catherina, P"]
[Black "Khurkhesova, Viktoriya"]
[Result "1-0"]
[WhiteTitle "WIM"]
[WhiteElo "2123"]
[BlackElo "1897"]
[WhiteFideId "5005736"]
[BlackFideId "54115116"]
[EventDate "2019.10.05"]

1. e4 c6 2. d4 d5 3. exd5 cxd5 4. c4 Nf6 5. Nc3 Nc6 6. Bg5 Be6 7. c5 g6 8. Bxf6
exf6 9. Bb5 Bg7 10. Nge2 O-O 11. O-O f5 12. Qd2 Qf6 13. Rfd1 g5 14. Bxc6 bxc6
15. f4 g4 16. b4 Bd7 17. b5 Rad8 18. a4 Rfe8 19. Ng3 Qxd4+ 20. Qxd4 Re1+ 21.
Rxe1 Bxd4+ 22. Kf1 Bxc3 23. bxc6 Be6 24. Rab1 Bxe1 25. Kxe1 Rc8 26. Rb5 Rxc6 27.
Ra5 Rc7 28. Ne2 h5 29. Nd4 Kf8 30. Kd2 Ke8 31. c6 h4 32. Kd3 Kd8 33. Kc3 Re7 34.
Kb4 g3 35. h3 Bc8 36. Kc5 Re4 37. Rxa7 Rxf4 38. Kd6 Rxd4 39. c7+ Ke8 40. Ra8 Kf8
41. Rxc8+ Kg7 42. Ra8 Rc4 43. c8=Q 1-0

[Event "Chigorin Memorial 2019"]
[Site "St Petersburg RUS"]
[Date "2019.10.09"]
[Round "5.94"]
[White "Borisov, Sergey"]
[Black "Shakirov, Marat"]
[Result "1/2-1/2"]
[WhiteElo "1885"]
[BlackElo "2114"]
[WhiteFideId "4169301"]
[BlackFideId "44118171"]
[EventDate "2019.10.05"]

1. Nf3 Nf6 2. e3 g6 3. b3 Bg7 4. Bb2 O-O 5. c4 c5 6. Be2 Nc6 7. O-O d5 8. cxd5
Qxd5 9. d3 Rd8 10. Nbd2 b6 11. a3 Bb7 12. Qc2 Rac8 13. Rac1 Qd6 14. Rfd1 Qb8 15.
Qb1 Qa8 16. Bf1 h5 17. Bc3 Bh6 18. b4 cxb4 19. axb4 Nd5 20. b5 Nxc3 21. Rxc3 Na5
22. Rdc1 Bg7 23. d4 Rxc3 24. Rxc3 Rc8 25. Qc2 Qb8 26. Bd3 Rxc3 27. Qxc3 Bc8 28.
h3 Bd7 29. Qb4 Qe8 30. Ne4 Nb7 31. Bc4 Nd8 32. Nc3 Nb7 33. Ne4 Nd8 34. Nfg5 Bf5
35. Nc3 Bf6 36. Nce4 Bg7 37. Qa3 Qd7 38. Ng3 Bf6 39. N3e4 Bg7 1/2-1/2

[Event "Chigorin Memorial 2019"]
[Site "St Petersburg RUS"]
[Date "2019.10.09"]
[Round "5.95"]
[White "Zaichikov, Andrey"]
[Black "Kuizhev, Adam"]
[Result "1/2-1/2"]
[WhiteElo "2113"]
[BlackElo "1879"]
[WhiteFideId "24176591"]
[BlackFideId "44166265"]
[EventDate "2019.10.05"]

1. e4 c6 2. d3 d5 3. Nd2 e5 4. Ngf3 Bd6 5. Qe2 Nf6 6. d4 exd4 7. exd5+ Be7 8.
Nxd4 O-O 9. N2f3 Re8 10. Be3 Qxd5 11. Qc4 Bg4 12. O-O-O Nbd7 13. h3 Bxf3 14.
Nxf3 Qxc4 15. Bxc4 Nb6 16. Bb3 Nbd5 17. Bd4 Nf4 18. Be5 Ng6 19. Bd4 Nf4 20. Be5
Ng6 21. Rhe1 Rad8 22. Bxf6 Bxf6 23. Rxe8+ Rxe8 24. Rd7 Re7 25. Rd8+ Nf8 26. Rb8
g6 27. g4 h6 28. h4 g5 29. hxg5 hxg5 30. c3 Kg7 31. Ra8 a6 32. Nd2 Be5 33. Nf3
Bf6 1/2-1/2

[Event "Chigorin Memorial 2019"]
[Site "St Petersburg RUS"]
[Date "2019.10.09"]
[Round "5.96"]
[White "Shihaliev, Leonard"]
[Black "Serov, Aleksandr"]
[Result "1-0"]
[WhiteElo "2080"]
[BlackElo "1826"]
[WhiteFideId "24192163"]
[BlackFideId "34177261"]
[EventDate "2019.10.05"]

1. d4 d5 2. Bg5 Nc6 3. Nf3 Bf5 4. c4 f6 5. cxd5 Qxd5 6. Nc3 Qd7 7. Bf4 g5 8. e4
gxf4 9. exf5 Qxf5 10. d5 Nd8 11. Nd4 Qe5+ 12. Be2 f5 13. O-O Bg7 14. Bh5+ Kf8
15. Ndb5 c6 16. Re1 Qb8 17. dxc6 bxc6 18. Qd7 Be5 19. Qxf5+ Bf6 20. Nd4 Nh6 21.
Rxe7 Qd6 22. Re8+ Kg7 23. Qg4+ 1-0

[Event "Chigorin Memorial 2019"]
[Site "St Petersburg RUS"]
[Date "2019.10.09"]
[Round "5.97"]
[White "Sheynin, Izrail"]
[Black "Pavlov, Mark"]
[Result "0-1"]
[WhiteElo "1871"]
[BlackElo "2095"]
[WhiteFideId "4186230"]
[BlackFideId "34178829"]
[EventDate "2019.10.05"]

1. e4 e6 2. d4 d5 3. e5 c5 4. c3 Nc6 5. Nf3 Nge7 6. Bd3 cxd4 7. cxd4 Nf5 8. Bxf5
exf5 9. Nc3 Be6 10. O-O Be7 11. a3 g5 12. b4 O-O 13. Na4 f4 14. Nc5 b6 15. Nxe6
fxe6 16. h3 Qe8 17. Bd2 h5 18. b5 Nd8 19. Bb4 Bxb4 20. axb4 Qg6 21. Qb1 Qg7 22.
Kh1 Nf7 23. Rc1 Nh6 24. Rc6 Rae8 25. Qc2 Re7 26. Rc1 Nf5 27. Qd3 Qg6 28. Qc2 g4
29. Ng1 gxh3 30. Nxh3 Rg7 31. Nxf4 Qg4 32. g3 Qf3+ 33. Kh2 Nxg3 34. Ng6 Ne2 0-1

[Event "Chigorin Memorial 2019"]
[Site "St Petersburg RUS"]
[Date "2019.10.09"]
[Round "5.98"]
[White "Frolov, Aleksey G."]
[Black "Ismagilov, Igor"]
[Result "0-1"]
[WhiteElo "2093"]
[BlackElo "1835"]
[WhiteFideId "34106500"]
[BlackFideId "44100507"]
[EventDate "2019.10.05"]

1. e4 c5 2. Nf3 a6 3. c3 d5 4. e5 Bg4 5. d4 Nc6 6. Be3 Qb6 7. Qb3 Qxb3 8. axb3
Bxf3 9. gxf3 cxd4 10. cxd4 e6 11. Nc3 Bb4 12. Ra4 Nge7 13. Kd2 O-O 14. Bd3 g6
15. h4 h5 16. Bg5 Rfe8 17. f4 b5 18. Ra2 Nxd4 19. Bc2 Nec6 20. Bd1 Na5 21. Kd3
Naxb3 22. Rg1 Nc1+ 23. Kxd4 Rec8 24. Ke3 d4+ 25. Kf3 dxc3 26. Ra1 cxb2 27. Rb1
Nd3 0-1

[Event "Chigorin Memorial 2019"]
[Site "St Petersburg RUS"]
[Date "2019.10.09"]
[Round "5.99"]
[White "Zhafyarov, Adel"]
[Black "Bulsoev, Alexander"]
[Result "1-0"]
[WhiteElo "2089"]
[BlackElo "1802"]
[WhiteFideId "34147630"]
[BlackFideId "44122276"]
[EventDate "2019.10.05"]

1. d4 d5 2. Bf4 Nf6 3. e3 c5 4. c3 Nc6 5. Nd2 Bf5 6. Qb3 Qd7 7. Ngf3 c4 8. Qd1
e6 9. Be2 Bd6 10. Bg3 O-O 11. Ne5 Qc7 12. f4 b5 13. O-O a5 14. Bh4 Ne4 15. Bf3
Nxd2 16. Qxd2 f6 17. Nxc6 Qxc6 18. g4 Bd3 19. Rfe1 e5 20. f5 e4 21. Bd1 b4 22.
Kh1 bxc3 23. bxc3 Rab8 24. a4 Rb6 25. Qg2 h6 26. Rg1 Rfb8 27. Ra2 Rb1 28. Bg3
Rc1 29. h4 Rbb1 30. Rd2 Be7 31. Bf4 Kf8 32. Qh2 Ke8 33. g5 hxg5 34. hxg5 fxg5
35. Qh5+ Kd7 36. f6 Qxf6 37. Bxg5 Qd6 38. Rdg2 Rxd1 39. Rxd1 Rxd1+ 40. Qxd1 Bxg5
41. Rxg5 Qh6+ 42. Rh5 Qe6 43. Qg1 Qf7 44. Qg4+ Kc7 45. Qf4+ Qxf4 46. exf4 e3 47.
Kg1 Kd6 48. Re5 Bc2 49. Rxe3 Bxa4 50. Rg3 Bc2 51. Rxg7 1-0

[Event "Chigorin Memorial 2019"]
[Site "St Petersburg RUS"]
[Date "2019.10.09"]
[Round "5.100"]
[White "Rudikov, Dmitry"]
[Black "Snegovsky-Orlov, Alexandr"]
[Result "1-0"]
[WhiteElo "2085"]
[BlackElo "1731"]
[WhiteFideId "44147171"]
[BlackFideId "4131487"]
[EventDate "2019.10.05"]

1. d4 Nf6 2. c4 g6 3. Nc3 Bg7 4. e4 d6 5. Nf3 O-O 6. Be2 e5 7. d5 a5 8. Bg5 h6
9. Bh4 Na6 10. Nd2 Nc5 11. b3 Bd7 12. O-O Qe7 13. a3 g5 14. Bg3 Nh7 15. b4 axb4
16. axb4 Na6 17. Rb1 f5 18. exf5 Bxf5 19. Nde4 Nf6 20. Bd3 Nxe4 21. Bxe4 Bxe4
22. Nxe4 b6 23. f3 Nb8 24. c5 Nd7 25. cxd6 cxd6 26. Bf2 Rfc8 27. Rc1 Nf6 28.
Bxb6 Nxe4 29. fxe4 Qb7 30. Ba5 Qa6 31. Rxc8+ Rxc8 32. Qg4 Qa7+ 33. Kh1 Qa6 34.
Rg1 Rf8 35. Qd1 Qc4 36. Qb1 Qb5 37. Qc1 Qe2 38. Qb1 Qb5 39. h3 g4 40. Qe1 gxh3
41. Qg3 Qe2 42. gxh3 Qxe4+ 43. Qg2 Qxg2+ 44. Rxg2 Rf3 45. Rg6 e4 46. Kg2 Kf7 47.
Rxd6 Rd3 48. Rd7+ 1-0

[Event "Chigorin Memorial 2019"]
[Site "St Petersburg RUS"]
[Date "2019.10.09"]
[Round "5.101"]
[White "Shinkarov, Artem"]
[Black "Putrenko, Kirill"]
[Result "0-1"]
[WhiteElo "1845"]
[BlackElo "1974"]
[WhiteFideId "54153867"]
[BlackFideId "44148402"]
[EventDate "2019.10.05"]

1. d4 g6 2. e4 Bg7 3. Nc3 c6 4. Be3 d5 5. e5 Nh6 6. Qd2 Nf5 7. Bf4 h5 8. Nf3 b5
9. Be2 Na6 10. O-O Nc7 11. a4 b4 12. Na2 a5 13. c3 bxc3 14. Qxc3 Ne6 15. Bc1 Qb6
16. Rd1 O-O 17. Be3 Ba6 18. Bxa6 Qxa6 19. Qd3 Rfb8 20. Rab1 Rb7 21. Qc2 Rab8 22.
b3 Rb6 23. Bc1 Qb7 24. Rd3 f6 25. Bd2 fxe5 26. dxe5 c5 27. Nc3 Nc7 28. Ne2 c4
29. Rc3 Ne6 30. Rc1 Rxb3 31. Rxb3 Qxb3 32. Qxb3 Rxb3 33. Bxa5 Ra3 34. Nc3 d4 35.
Bb4 Rb3 36. Nd5 c3 37. a5 Nc7 38. Nxc7 Rxb4 39. a6 Ra4 40. h3 Bh6 41. Rc2 h4 42.
g4 hxg3 43. fxg3 Ra1+ 44. Kh2 Ne3 45. Nxd4 Nxc2 46. Nxc2 Ra2 47. Kh1 Rxc2 0-1

[Event "Chigorin Memorial 2019"]
[Site "St Petersburg RUS"]
[Date "2019.10.09"]
[Round "5.102"]
[White "Klevets, Ksenia"]
[Black "Kolchin, Maxim"]
[Result "1-0"]
[WhiteElo "1842"]
[BlackElo "2077"]
[WhiteFideId "24157937"]
[BlackFideId "34147222"]
[EventDate "2019.10.05"]

1. e4 e5 2. Nf3 Nc6 3. Nc3 a6 4. d4 exd4 5. Nxd4 Bb4 6. Nxc6 Bxc3+ 7. bxc3 bxc6
8. Qd4 f6 9. Bd3 Ne7 10. O-O O-O 11. e5 fxe5 12. Qxe5 d6 13. Qg5 Bf5 14. Re1 Rf6
15. Bd2 h6 16. Qe3 Nd5 17. Qd4 Qd7 18. c4 Ne7 19. Bc3 Rg6 20. Rxe7 Qxe7 21. Bxf5
Rf6 22. Re1 Qf7 23. Be6 Rxe6 24. Rxe6 c5 25. Qe3 Rb8 26. g3 Rb1+ 27. Kg2 Qh5 28.
Re8+ Kh7 29. Qe4+ Qg6 30. Rh8+ 1-0

[Event "Chigorin Memorial 2019"]
[Site "St Petersburg RUS"]
[Date "2019.10.09"]
[Round "5.103"]
[White "Schetchikov, Vladimir"]
[Black "Sidorov, Dmitry I"]
[Result "0-1"]
[WhiteTitle "FM"]
[WhiteElo "1834"]
[BlackElo "2059"]
[WhiteFideId "4131193"]
[BlackFideId "44155360"]
[EventDate "2019.10.05"]

1. Nf3 g6 2. d4 Bg7 3. g3 c5 4. c3 b6 5. Bg2 Bb7 6. O-O Nf6 7. Nbd2 O-O 8. Re1
d5 9. b3 Nbd7 10. Bb2 Qc7 11. Rc1 Rad8 12. e3 e5 13. dxe5 Ng4 14. Qe2 Ndxe5 15.
Nxe5 Nxe5 16. Nf3 Rfe8 17. Nxe5 Qxe5 18. Rc2 Qf5 19. Rd1 d4 20. cxd4 Ba6 21. Qd2
cxd4 22. e4 Rxe4 23. Bxe4 Qxe4 24. Re1 Qd5 25. Qd1 d3 26. Rd2 Bh6 27. Bc1 Bxd2
28. Bxd2 Bb7 29. f3 Rc8 30. Re3 Qd4 31. Kg2 Rc2 32. Kh3 h5 33. g4 hxg4+ 34. fxg4
g5 35. Re8+ Kg7 36. Bxg5 Qf2 37. Qa1+ Rb2 38. Bf4 Bg2# 0-1

[Event "Chigorin Memorial 2019"]
[Site "St Petersburg RUS"]
[Date "2019.10.09"]
[Round "5.104"]
[White "Aseev, Vladimir"]
[Black "Grekhov, Luka"]
[Result "1-0"]
[WhiteElo "2057"]
[BlackElo "1601"]
[WhiteFideId "24121371"]
[BlackFideId "44129637"]
[EventDate "2019.10.05"]

1. d4 Nf6 2. Nf3 e6 3. Bg5 h6 4. Bh4 c5 5. e3 Nc6 6. c3 d5 7. Bd3 Bd6 8. Nbd2 a6
9. a4 c4 10. Bb1 Rb8 11. O-O b5 12. e4 Be7 13. Bg3 Rb6 14. h3 b4 15. Ne5 a5 16.
f4 Bb7 17. f5 Nxe5 18. dxe5 Nh7 19. Bf2 Ra6 20. Bd4 b3 21. Qg4 Bg5 22. fxe6 Rxe6
23. exd5 Bxd5 24. Ne4 Bxe4 25. Bxe4 O-O 26. Rxf7 Kxf7 27. Bxh7 g6 28. Rf1+ 1-0